| 000 | 00358nam a2200133Ia 4500 | ||
|---|---|---|---|
| 008 | 240624s9999 xx 000 0 und d | ||
| 041 | _aeng | ||
| 082 | _a658.403 WIL | ||
| 100 | _aWILLIAMS TERRY M | ||
| 245 | _aMAKING ESSENTIAL CHOICES WITH SCANT INFO | ||
| 260 |
_c2009 _aNew York _bPalgrave Macmillan |
||
| 300 | _axvi, 417 p.; 23 cm. | ||
| 365 |
_cERU _b38 |
||
| 999 |
_c31184 _d31184 |
||